[Event "SR 5. liga SE-SI 2012/2013"]
[Site "?"]
[Date "2013.03.09"]
[Round "13.2"]
[White "Sefcik, Oliver"]
[Black "Drozd, Jan"]
[Result "0-1"]
[WhiteElo "1000"]
[BlackElo "1000"]
[PlyCount "56"]
[EventDate "2012.??.??"]

1. e4 c5 2. Nc3 d6 3. Nf3 a6 4. Bc4 b5 5. Bd3 Nf6 6. O-O e6 7. b3 Be7 8. Bb2
Nc6 9. Re1 O-O 10. Qe2 Rb8 11. Rad1 c4 12. bxc4 bxc4 13. Ba3 cxd3 14. Qxd3 Nb4
15. Bxb4 Rxb4 16. a3 Rb8 17. e5 dxe5 18. Nxe5 Qxd3 19. Nxd3 Bxa3 20. Ra1 Be7
21. Rxa6 Bxa6 22. Re5 Bxd3 23. cxd3 Rb2 24. Re2 Rd8 25. Na4 Ra2 26. Nc3 Ra1+
27. Nd1 Rxd1+ 28. Re1 Rxe1# 0-1

[Event "SR 5. liga SE-SI 2012/2013"]
[Site "?"]
[Date "2013.03.09"]
[Round "13.2"]
[White "Lauko, Tomas"]
[Black "Steiner, Juraj"]
[Result "1-0"]
[WhiteElo "1000"]
[BlackElo "1000"]
[PlyCount "35"]
[EventDate "2012.??.??"]

1. e4 e5 2. Nf3 Nf6 3. Nc3 Nc6 4. d4 Nxd4 5. Nxd4 exd4 6. Qxd4 Bd6 7. Be2 O-O
8. e5 Be7 9. exf6 Bxf6 10. Qd3 h6 11. Be3 Qe7 12. Nd5 Qe5 13. Nxf6+ Qxf6 14.
Bd4 Qg6 15. O-O-O Qxg2 16. Rhg1 Qxh2 17. Rxg7+ Kh8 18. Qh7# 1-0

[Event "SR 5. liga SE-SI 2012/2013"]
[Site "?"]
[Date "2013.03.09"]
[Round "13.3"]
[White "Kanka, Tomas"]
[Black "Hrubsa, Marian"]
[Result "0-1"]
[WhiteElo "1435"]
[BlackElo "1820"]
[PlyCount "50"]
[EventDate "2012.??.??"]

1. e4 e6 2. d4 d5 3. exd5 exd5 4. Nf3 Bd6 5. Bd3 Ne7 6. O-O O-O 7. c4 dxc4 8.
Bxc4 Nbc6 9. Nc3 Bg4 10. Be3 Kh8 11. h3 Bh5 12. Re1 f5 13. Bg5 h6 14. Bh4 g5
15. Re6 Kg7 16. Qd2 Bf4 17. Qd3 Bxf3 18. d5 Ne5 19. Rxe5 Bxe5 20. Qxf3 gxh4 21.
Re1 Ng6 22. Nd1 Qf6 23. b3 Rae8 24. Ne3 Bd6 25. Rd1 Qe5 0-1

[Event "SR 5. liga SE-SI 2012/2013"]
[Site "?"]
[Date "2013.03.09"]
[Round "13.3"]
[White "Pagac, Robert"]
[Black "Macalka, Ondrej"]
[Result "1-0"]
[WhiteElo "1827"]
[BlackElo "1508"]
[PlyCount "56"]
[EventDate "2012.??.??"]

1. e4 c5 2. Nf3 d6 3. d4 cxd4 4. Nxd4 Nc6 5. Nc3 a6 6. Be2 Nf6 7. O-O Qc7 8. a3
b5 9. Bg5 Bb7 10. Bxf6 gxf6 11. Nd5 Qd7 12. Nb6 Qc7 13. Nxa8 Bxa8 14. Nf5 Rg8
15. a4 bxa4 16. Rxa4 e6 17. Ng3 Ne5 18. Rxa6 Bc6 19. Qd2 f5 20. exf5 exf5 21.
f4 Ng4 22. Bxg4 Rxg4 23. Qc3 Bg7 24. Qxc6+ Qxc6 25. Rxc6 Bd4+ 26. Kh1 Kd7 27.
Rc4 Bxb2 28. Nxf5 Be5 1-0

[Event "SR 5. liga SE-SI 2012/2013"]
[Site "?"]
[Date "2013.03.09"]
[Round "13.3"]
[White "Petras, Michal"]
[Black "Baumgartner, Milan"]
[Result "0-1"]
[WhiteElo "1251"]
[BlackElo "1558"]
[PlyCount "80"]
[EventDate "2012.??.??"]

1. e4 e5 2. Nf3 Nc6 3. Bc4 Bc5 4. c3 h6 5. d4 exd4 6. cxd4 Bb6 7. O-O Nf6 8.
Nc3 O-O 9. h3 d6 10. Re1 Na5 11. Bd3 Bd7 12. d5 c5 13. dxc6 Nxc6 14. Bb5 Be6
15. Bf4 d5 16. exd5 Nxd5 17. Nxd5 Bxd5 18. Bxc6 Bxc6 19. Ne5 Qf6 20. Bg3 Qg5
21. Nxc6 Qxg3 22. Ne7+ Kh8 23. Qc2 Rad8 24. Rad1 Qg5 25. Rxd8 Rxd8 26. Re2 Qf6
27. Nf5 Qg5 28. a3 g6 29. Ne3 Qf4 30. g3 Qf3 31. Kh2 h5 32. h4 Kh7 33. b3 Rd7
34. a4 Bc7 35. Qb2 Qe4 36. Qc2 Qxh4+ 37. Kg2 Qg5 38. Qc3 Be5 39. Qc2 h4 40. g4
Qf4 0-1

[Event "SR 5. liga SE-SI 2012/2013"]
[Site "?"]
[Date "2013.03.09"]
[Round "13.3"]
[White "Bartos, Bohumil"]
[Black "Kridl, Oliver"]
[Result "1-0"]
[WhiteElo "1533"]
[BlackElo "1000"]
[PlyCount "89"]
[EventDate "2012.??.??"]

1. d4 e6 2. c4 d5 3. Nc3 Nf6 4. Bg5 Bb4 5. Qc2 Bd7 6. a3 Bxc3+ 7. Qxc3 Ne4 8.
Bxd8 Nxc3 9. Bxc7 Na4 10. b3 Nb6 11. c5 Nc8 12. e3 Nc6 13. Nf3 N8e7 14. Bd3 h6
15. b4 a6 16. Ne5 Nxe5 17. Bxe5 O-O 18. Bd6 Rfe8 19. Bxe7 Rxe7 20. Kd2 Ba4 21.
Bc2 Bxc2 22. Kxc2 Rc8 23. Kd2 Kf8 24. Rhc1 Rec7 25. a4 Ke7 26. b5 a5 27. Ra3 g6
28. Rac3 Kd7 29. Kd3 f5 30. f4 b6 31. c6+ Ke7 32. Ke2 g5 33. g3 g4 34. h3 Rg8
35. Rh1 gxh3 36. Rxh3 Rg6 37. Kf3 Kf6 38. Rc1 Kg7 39. Rh4 Kh7 40. Rg1 Rcg7 41.
g4 Kg8 42. g5 Rh7 43. Rg2 Kh8 44. Rxh6 Rgxh6 45. gxh6 1-0

[Event "SR 5. liga SE-SI 2012/2013"]
[Site "?"]
[Date "2013.03.09"]
[Round "13.3"]
[White "Babic, Stefan"]
[Black "Danihel, Jozef"]
[Result "0-1"]
[WhiteElo "1000"]
[BlackElo "1566"]
[PlyCount "68"]
[EventDate "2012.??.??"]

1. d4 d5 2. Nf3 Bg4 3. e3 e6 4. b3 Nf6 5. Nc3 Ne4 6. Bb2 Bb4 7. Qd3 O-O 8. Ne5
Bf5 9. O-O-O Nxc3 10. Qe2 Nxe2+ 11. Bxe2 f6 12. Nd3 Nd7 13. Nxb4 a5 14. Nd3 b5
15. g4 Bxd3 16. Bxd3 b4 17. a4 e5 18. e4 exd4 19. Bxd4 c5 20. Be3 d4 21. Bf4
Ne5 22. Bxe5 fxe5 23. Rhf1 Rf4 24. f3 Qg5 25. Bc4+ Kf8 26. Kb1 Ke7 27. Rd3 Qh4
28. Rh1 Raf8 29. Rf1 Qxh2 30. Kc1 Rxg4 31. Rd2 Rg2 32. Rxg2 Qxg2 33. Bd3 Rxf3
34. Rxf3 Qxf3 0-1

[Event "SR 5. liga SE-SI 2012/2013"]
[Site "?"]
[Date "2013.03.23"]
[Round "14.1"]
[White "Hrubsa, Marian"]
[Black "Beran, Jan st"]
[Result "1-0"]
[WhiteElo "1820"]
[BlackElo "1703"]
[PlyCount "63"]
[EventDate "2012.??.??"]

1. e4 e5 2. Nf3 d6 3. d4 exd4 4. Qxd4 Nf6 5. Nc3 Be7 6. b3 O-O 7. Bb2 Nc6 8.
Qd2 a6 9. O-O-O h6 10. h3 Be6 11. Be2 Nh7 12. g4 Ne5 13. Kb1 Bf6 14. Nd4 Bd7
15. f4 Nc6 16. Nf5 Bxf5 17. exf5 Re8 18. Bc4 Qd7 19. h4 Bd4 20. Nd5 Bxb2 21.
Kxb2 Ne7 22. Rdg1 Nxd5 23. Bxd5 c6 24. Bc4 d5 25. Bd3 Nf6 26. g5 Ne4 27. Bxe4
Rxe4 28. gxh6 Qxf5 29. Rxg7+ Kh8 30. Qc3 d4 31. Qg3 Qxf4 32. Rh7+ 1-0

[Event "SR 5. liga SE-SI 2012/2013"]
[Site "?"]
[Date "2013.03.23"]
[Round "14.1"]
[White "Sukopcak, Miroslav"]
[Black "Pagac, Robert"]
[Result "0-1"]
[WhiteElo "1712"]
[BlackElo "1827"]
[PlyCount "96"]
[EventDate "2012.??.??"]

1. e4 e5 2. c3 Nf6 3. Qc2 Nc6 4. Bb5 a6 5. Bxc6 bxc6 6. d4 exd4 7. cxd4 Bb7 8.
Bg5 Bb4+ 9. Nc3 h6 10. Be3 Qe7 11. f3 O-O 12. Nge2 d5 13. e5 Nd7 14. a3 Ba5 15.
O-O Bb6 16. b4 Nxe5 17. Bf2 Nc4 18. Qc1 a5 19. Rb1 axb4 20. axb4 Rfe8 21. Re1
Qf6 22. Nd1 Ba6 23. Ndc3 Re6 24. b5 Bxb5 25. Nxd5 cxd5 26. Rxb5 Rae8 27. Qd1
Ba5 28. Rxa5 Nxa5 29. Bg3 c6 30. Be5 Qg5 31. f4 Qe7 32. Ng3 f6 33. Nf5 Qd7 34.
Nxh6+ gxh6 35. f5 Rxe5 36. dxe5 Rxe5 37. Rxe5 fxe5 38. Qh5 Nc4 39. Qg6+ Qg7 40.
Qe6+ Kh7 41. f6 Qa7+ 42. Kf1 Qa1+ 43. Kf2 Qd4+ 44. Kg3 Qe3+ 45. Kh4 Qf4+ 46.
Kh3 Kg6 47. f7+ Kg5 48. Qe7+ Kh5 0-1

[Event "SR 5. liga SE-SI 2012/2013"]
[Site "?"]
[Date "2013.03.23"]
[Round "14.1"]
[White "Baumgartner, Milan"]
[Black "Vasek, Rudolf"]
[Result "0-1"]
[WhiteElo "1558"]
[BlackElo "1453"]
[PlyCount "112"]
[EventDate "2012.??.??"]

1. c4 c5 2. Nc3 e6 3. e4 Nc6 4. Bd3 g6 5. h3 Bg7 6. Nf3 d6 7. a3 a5 8. Bc2 Bd7
9. d3 f6 10. O-O Nge7 11. Re1 e5 12. Be3 Nd4 13. Bxd4 cxd4 14. Ne2 Bc6 15. Ng3
Qd7 16. Qd2 a4 17. Nh4 O-O 18. f4 Bh6 19. Ne2 g5 20. f5 Kg7 21. Nf3 g4 22. Qd1
gxf3 23. gxf3 Be3+ 24. Kh2 Kh8 25. b4 axb3 26. Bxb3 Rg8 27. c5 d5 28. Ra2 Rg7
29. Ng3 Qe8 30. Rg2 Bf4 31. Reg1 Qf7 32. Kh1 Rag8 33. Ne2 Be3 34. Rxg7 Rxg7 35.
Rxg7 Qxg7 36. Qf1 Qh6 37. a4 Qh4 38. Kg2 Qg5+ 39. Kh1 Bd2 40. Qg2 Qe3 41. Ng3
Qe1+ 42. Qg1 Qxg1+ 43. Kxg1 Kg7 44. Nh5+ Kf7 45. Kf1 Bb4 46. Ke2 Bxc5 47. f4
Bd6 48. Kf3 exf4 49. Nxf4 Bxf4 50. Kxf4 Ke8 51. e5 Kf7 52. e6+ Ke8 53. h4 Kd8
54. Bd1 Kc7 55. Kg4 Be8 56. h5 h6 0-1

[Event "SR 5. liga SE-SI 2012/2013"]
[Site "?"]
[Date "2013.03.23"]
[Round "14.1"]
[White "Drozd, Jan"]
[Black "Bartos, Bohumil"]
[Result "1/2-1/2"]
[WhiteElo "1000"]
[BlackElo "1533"]
[PlyCount "79"]
[EventDate "2012.??.??"]

1. e4 c5 2. Nc3 d6 3. g3 Nf6 4. d3 Nc6 5. Bg2 e5 6. f4 Bg4 7. Nf3 Qc7 8. O-O
Be7 9. Be3 O-O 10. Qd2 Qd7 11. f5 Bxf3 12. Bxf3 Nd4 13. Bxd4 cxd4 14. Ne2 Rac8
15. g4 d5 16. Ng3 dxe4 17. Nxe4 Nxe4 18. Bxe4 h6 19. Rf2 Bg5 20. Qe2 Be3 21.
Kg2 Bxf2 22. Qxf2 Qe7 23. a3 b6 24. Rf1 Qg5 25. h3 Qe3 26. h4 Qxf2+ 27. Rxf2 f6
28. Bd5+ Kh8 29. b4 Rc3 30. Bb3 Rfc8 31. a4 Kh7 32. Kf3 a6 33. Ke4 Rd8 34. Rg2
Rd6 35. g5 a5 36. b5 Rc5 37. g6+ Kh8 38. h5 Rd7 39. Rf2 Rcc7 40. Re2 1/2-1/2

[Event "SR 5. liga SE-SI 2012/2013"]
[Site "?"]
[Date "2013.03.23"]
[Round "14.1"]
[White "Danihel, Jozef"]
[Black "Lauko, Tomas"]
[Result "0-1"]
[WhiteElo "1566"]
[BlackElo "1000"]
[PlyCount "110"]
[EventDate "2012.??.??"]

1. d4 d5 2. Nf3 Nf6 3. h3 e6 4. Bg5 c5 5. e3 Nc6 6. Be2 Qb6 7. b3 h6 8. Bh4 g5
9. Bg3 Ne4 10. O-O Bg7 11. c3 h5 12. Nbd2 Nxc3 13. Qe1 cxd4 14. exd4 g4 15.
hxg4 hxg4 16. Nh2 Nxd4 17. Bd3 Bd7 18. Nxg4 Bb5 19. Bxb5+ Qxb5 20. Nh2 Qb6 21.
Ndf3 Nce2+ 22. Kh1 Nxg3+ 23. fxg3 Nxf3 24. Rxf3 Bxa1 25. Qxa1 O-O-O 26. Qc1+
Kb8 27. Qf4+ Ka8 28. Rf2 Rxh2+ 29. Kxh2 Rh8+ 30. Kg1 Rc8 31. Qxf7 d4 32. g4 e5
33. Qf5 Qc5 34. g5 a6 35. g6 Qc1+ 36. Kh2 Rh8+ 37. Kg3 Qe3+ 38. Rf3 Qh6 39. Kf2
Rg8 40. Qxe5 Qxg6 41. g3 Re8 42. Qf5 Qh6 43. Kg2 Rh8 44. Rf1 d3 45. Rf4 Qh2+
46. Kf1 Qe2+ 47. Kg1 Qh2+ 48. Kf1 Qh1+ 49. Kf2 Rh2+ 50. Ke3 Re2+ 51. Kd4 Qg1+
52. Kd5 d2 53. Rd4 Qxd4+ 54. Kxd4 d1=Q+ 55. Kc5 Qc2+ 0-1

[Event "SR 5. liga SE-SI 2012/2013"]
[Site "?"]
[Date "2013.03.23"]
[Round "14.2"]
[White "Holiencin, Filip"]
[Black "Jarabek, Milan"]
[Result "1/2-1/2"]
[WhiteElo "1680"]
[BlackElo "1663"]
[PlyCount "107"]
[EventDate "2012.??.??"]

1. d4 Nf6 2. c4 g6 3. Nc3 d5 4. Nf3 Bg7 5. e3 O-O 6. cxd5 Nxd5 7. Bc4 Nxc3 8.
bxc3 c5 9. O-O Qa5 10. Qb3 Bg4 11. Ng5 e6 12. f3 h6 13. Nxf7 Rxf7 14. fxg4
Rxf1+ 15. Kxf1 cxd4 16. Bxe6+ Kh7 17. cxd4 Qa6+ 18. Ke1 Nc6 19. Bc4 Qa5+ 20.
Bd2 Qc7 21. g3 Re8 22. Kf1 Na5 23. Bxa5 Qxa5 24. Qd3 Qg5 25. Re1 Rf8+ 26. Kg2
Qxg4 27. Bd5 h5 28. h3 Qd7 29. Bb3 Qc6+ 30. d5 Qd6 31. Rf1 Be5 32. Rxf8 Qxf8
33. Qb5 Qd6 34. Qxb7+ Kh6 35. Qc6 Bxg3 36. Qxd6 Bxd6 37. Kf3 Kg5 38. Bc2 Kf6
39. h4 g5 40. hxg5+ Kxg5 41. Ke4 h4 42. Kd4 h3 43. Be4 h2 44. Kc4 Kf6 45. Kb5
Ke5 46. Bh1 Ba3 47. Kc4 Bd6 48. Kb5 Ba3 49. Kc6 Bd6 50. a4 Ba3 51. Kb7 Bc5 52.
Kc6 Ba3 53. Kb5 Bf8 54. Ka6 1/2-1/2

[Event "SR 5. liga SE-SI 2012/2013"]
[Site "?"]
[Date "2013.03.23"]
[Round "14.2"]
[White "Harasta, Marian"]
[Black "Benak, Peter"]
[Result "1/2-1/2"]
[WhiteElo "1624"]
[BlackElo "1594"]
[PlyCount "83"]
[EventDate "2012.??.??"]

1. d4 Nf6 2. c4 e6 3. Nc3 d5 4. Nf3 Nc6 5. Qc2 Be7 6. e3 O-O 7. a3 a6 8. c5 b5
9. cxb6 cxb6 10. Bd3 h6 11. O-O Bb7 12. Rd1 b5 13. Bd2 Qd7 14. Rac1 Rfc8 15.
Qb1 Bd8 16. Be1 Bc7 17. b4 Bd6 18. a4 Nxb4 19. axb5 Nxd3 20. Qxd3 axb5 21. Qxb5
Qxb5 22. Nxb5 Be7 23. Ne5 Rxc1 24. Rxc1 Rc8 25. Rb1 Ba6 26. Na7 Rc7 27. Nec6
Bd6 28. Ba5 Rb7 29. Bb6 Nd7 30. Nc8 Nxb6 31. Rxb6 Rxb6 32. Nxb6 Bc7 33. Nb4
Bxb6 34. Nxa6 Kf8 35. Nb4 Ke7 36. f4 Kd7 37. Kf2 Ba5 38. Na6 f6 39. g4 g6 40.
h3 g5 41. Nc5+ Ke7 42. Kf3 1/2-1/2

[Event "SR 5. liga SE-SI 2012/2013"]
[Site "?"]
[Date "2013.03.23"]
[Round "14.2"]
[White "Sladek, Michal"]
[Black "Drabek, Martin"]
[Result "0-1"]
[WhiteElo "1000"]
[BlackElo "1516"]
[PlyCount "118"]
[EventDate "2012.??.??"]

1. e4 e5 2. Nf3 Nc6 3. Bc4 Bc5 4. Nc3 d6 5. h3 h6 6. d3 Nf6 7. Qe2 a6 8. Be3
Nd4 9. Bxd4 Bxd4 10. Nxd4 exd4 11. Nd5 c6 12. Nf4 Qa5+ 13. Qd2 Qe5 14. f3 g5
15. Ne2 Rf8 16. O-O-O Nd7 17. Qb4 a5 18. Qb3 b5 19. Bxb5 cxb5 20. Rdf1 Nb6 21.
f4 Qc5 22. a3 Be6 23. c4 Rc8 24. Kb1 bxc4 25. Qd1 cxd3 26. Qxd3 Bc4 27. Qd2
Bxe2 28. Qxe2 Qc4 29. Qd2 Rc5 30. fxg5 Rxg5 31. Rf5 Rxf5 32. exf5 Qd5 33. Qxh6
Rg8 34. Re1+ Kd7 35. g4 Rb8 36. f6 Nc4 37. Qh5 Qxh5 38. gxh5 Rxb2+ 39. Kc1 Rh2
40. Re7+ Kd8 41. Rxf7 Rxh3 42. Rh7 Ke8 43. h6 Ne5 44. Re7+ Kf8 45. h7 Nf7 46.
Re4 Rxh7 47. Rxd4 Rh6 48. Rf4 Ne5 49. Ra4 Rxf6 50. Rxa5 Rf2 51. Rd5 Ke7 52. a4
Ra2 53. a5 Nc4 54. Rb5 Nxa5 55. Kb1 Ra4 56. Kb2 Nc6 57. Kc3 Ke6 58. Rb6 Ne7 59.
Rb4 Nd5+ 0-1

[Event "SR 5. liga SE-SI 2012/2013"]
[Site "?"]
[Date "2013.03.23"]
[Round "14.2"]
[White "Spanik, Ondrej"]
[Black "Cambal, Peter"]
[Result "1-0"]
[WhiteElo "1278"]
[BlackElo "1000"]
[PlyCount "129"]
[EventDate "2012.??.??"]

1. e4 c5 2. Nf3 d6 3. Bc4 Nc6 4. Ng5 Ne5 5. d3 h6 6. Nf3 Nxc4 7. dxc4 e5 8. Nc3
Be6 9. Nd5 Nf6 10. Nxf6+ Qxf6 11. Qd3 Be7 12. Bd2 O-O 13. O-O-O Rfd8 14. b4 b6
15. b5 a5 16. a4 Qg6 17. Rhg1 f5 18. exf5 Bxf5 19. Qd5+ Be6 20. Qb7 Bf8 21.
Qxb6 Rab8 22. Qxa5 Bxc4 23. Qc3 Qe6 24. Kb2 g5 25. Ka3 Bg7 26. Qa5 e4 27. Ne1
Rd7 28. b6 Qd5 29. Rb1 Bd4 30. Be3 Ba2 31. Rb5 Qc4 32. Bxd4 cxd4 33. Qb4 Rdb7
34. Qxc4+ Bxc4 35. Rb4 d5 36. a5 d3 37. cxd3 exd3 38. Nf3 Re7 39. Nd2 Ba6 40.
Rf1 Re2 41. Rb2 Rbe8 42. b7 Bxb7 43. Rxb7 Rxd2 44. Rb2 Rxb2 45. Kxb2 d2 46. Rd1
Re2 47. a6 Rxf2 48. a7 Rf8 49. Kc3 Kf7 50. Rf1+ Ke7 51. Rxf8 Kxf8 52. a8=Q+ Ke7
53. Kxd2 Kf6 54. Qxd5 h5 55. Ke3 h4 56. Kf3 Kg6 57. Kg4 Kh6 58. Qe6+ Kh7 59.
Qa6 Kg7 60. Kxg5 h3 61. gxh3 Kf7 62. Qf6+ Kg8 63. Qe7 Kh8 64. Kg6 Kg8 65. Qg7#
1-0

[Event "SR 5. liga SE-SI 2012/2013"]
[Site "?"]
[Date "2013.03.23"]
[Round "14.2"]
[White "Sefcik, Marek"]
[Black "Dujsik, Radko"]
[Result "0-1"]
[WhiteElo "1000"]
[BlackElo "1029"]
[PlyCount "70"]
[EventDate "2012.??.??"]

1. e4 e5 2. Nf3 Nc6 3. d3 Bc5 4. Be3 d6 5. Nbd2 Bg4 6. Qe2 Nf6 7. h3 Bh5 8.
O-O-O Bd4 9. c3 Bc5 10. g4 Bg6 11. Bg5 h5 12. Rg1 hxg4 13. hxg4 d5 14. exd5
Qxd5 15. Kb1 e4 16. Bxf6 gxf6 17. c4 Qe6 18. dxe4 Nd4 19. Qd3 Rd8 20. Nb3 Nxf3
21. Qxf3 Bxe4+ 22. Kc1 Bxf3 23. Nxc5 Rxd1+ 24. Kc2 Qc6 25. Bg2 Rxg1 26. Bxf3
Qxf3 27. Nd3 Qd1+ 28. Kc3 Rh3 29. Kd4 Qxd3+ 30. Kc5 Qd6+ 31. Kb5 Qb6+ 32. Ka4
c5 33. a3 Rb1 34. b3 Qxb3+ 35. Ka5 Qxa3# 0-1

[Event "SR 5. liga SE-SI 2012/2013"]
[Site "?"]
[Date "2013.03.23"]
[Round "14.3"]
[White "Wallner, Juraj"]
[Black "Pipiska, Adam"]
[Result "0-1"]
[WhiteElo "1495"]
[BlackElo "1674"]
[PlyCount "78"]
[EventDate "2012.??.??"]

1. e4 e5 2. Nf3 Nc6 3. Bc4 Bc5 4. Nc3 d6 5. h3 Be6 6. Nd5 Nf6 7. Qe2 Bxd5 8.
exd5 Nb4 9. d3 Nbxd5 10. d4 Bb4+ 11. c3 Nxc3 12. bxc3 Bxc3+ 13. Bd2 Bxa1 14.
O-O Bxd4 15. Nxd4 O-O 16. Nc2 d5 17. Bb3 Re8 18. Bg5 c6 19. Ne3 Qd6 20. Qf3 Ne4
21. Qg4 Qg6 22. Bh4 Qxg4 23. hxg4 g5 24. Bg3 Nxg3 25. fxg3 a5 26. Nf5 Re6 27.
Kf2 Ra6 28. Rh1 Rb6 29. Kf3 a4 30. Bc2 e4+ 31. Ke3 Rb2 32. Bxa4 Rxa2 33. Bb3
Ra3 34. Rb1 c5 35. Kf2 Rb6 36. Bc2 Rxb1 37. Bxb1 Rb3 38. Bc2 Rb2 39. Ne3 d4 0-1

[Event "SR 5. liga SE-SI 2012/2013"]
[Site "?"]
[Date "2013.03.23"]
[Round "14.3"]
[White "Trojkova, Michaela"]
[Black "Nemeckay, Dominik"]
[Result "0-1"]
[WhiteElo "1199"]
[BlackElo "1424"]
[PlyCount "58"]
[EventDate "2012.??.??"]

1. e4 e5 2. Nf3 Nc6 3. Bc4 Bc5 4. O-O Nf6 5. Nc3 d6 6. h3 Be6 7. Bb3 Qd7 8. d3
O-O-O 9. Bxe6 fxe6 10. a3 Rdg8 11. b4 Bd4 12. Bb2 g5 13. Nxd4 Nxd4 14. a4 a6
15. b5 a5 16. Ne2 Nxe2+ 17. Qxe2 b6 18. d4 exd4 19. Bxd4 e5 20. Bb2 h5 21. f3
Qe6 22. Kf2 g4 23. hxg4 hxg4 24. Rh1 Rxh1 25. Rxh1 Qa2 26. Rh6 Qxb2 27. Rxf6
Qd4+ 28. Kf1 Qa1+ 29. Kf2 g3+ 0-1

[Event "SR 5. liga SE-SI 2012/2013"]
[Site "?"]
[Date "2013.03.23"]
[Round "14.3"]
[White "Tomasovic, Roman"]
[Black "Buran, Andrej ml"]
[Result "1/2-1/2"]
[WhiteElo "1277"]
[BlackElo "1152"]
[PlyCount "81"]
[EventDate "2012.??.??"]

1. d4 d5 2. c4 e6 3. e3 Nf6 4. Nf3 Be7 5. Bd3 dxc4 6. Qa4+ Bd7 7. Qxc4 O-O 8.
O-O Nd5 9. Qc2 h6 10. a3 Nc6 11. Bd2 Re8 12. Nc3 Nxc3 13. Bxc3 Bf6 14. e4 e5
15. d5 Nb8 16. Rad1 Bg4 17. Be2 Bxf3 18. Bxf3 Qc8 19. Qb3 Rd8 20. h3 b6 21. Rd3
Na6 22. Qc2 Nc5 23. Rdd1 Qb7 24. b4 Nd7 25. Bb2 Rac8 26. Rd3 c5 27. b5 a6 28.
a4 axb5 29. axb5 Ra8 30. Ra3 Rxa3 31. Bxa3 Ra8 32. Ra1 Ra5 33. Qb1 Qa7 34. Bb2
Rxa1 35. Qxa1 Qxa1+ 36. Bxa1 Kf8 37. Be2 Ke7 38. Bc4 Nf8 39. f3 Kd6 40. Kf2 Ng6
41. g3 1/2-1/2

[Event "SR 5. liga SE-SI 2012/2013"]
[Site "?"]
[Date "2013.03.23"]
[Round "14.3"]
[White "Drinka, Robert"]
[Black "Hrdlicka, Martin"]
[Result "1-0"]
[WhiteElo "1290"]
[BlackElo "1000"]
[PlyCount "51"]
[EventDate "2012.??.??"]

1. e4 e5 2. Nf3 Nc6 3. Bc4 Bc5 4. c3 d6 5. d4 exd4 6. cxd4 Bb4+ 7. Nc3 Bg4 8.
O-O Nf6 9. Re1 O-O 10. h3 Bxf3 11. gxf3 Na5 12. Bd3 d5 13. e5 Nh5 14. a3 Bxc3
15. bxc3 b6 16. f4 g6 17. Kh1 c5 18. Rg1 cxd4 19. Qxh5 dxc3 20. f5 Kh8 21. fxg6
fxg6 22. Bxg6 Qd7 23. e6 Qe7 24. Bg5 Qb7 25. e7 Rxf2 26. Qxh7# 1-0

[Event "SR 5. liga SE-SI 2013/2014"]
[Site "?"]
[Date "2013.10.12"]
[Round "1.1"]
[White "Buran, Andrej"]
[Black "Mysicka, Miroslav"]
[Result "1/2-1/2"]
[WhiteElo "1392"]
[BlackElo "1853"]
[PlyCount "146"]
[EventDate "2013.??.??"]

1. e4 e5 2. Nf3 Nc6 3. d4 exd4 4. Nxd4 Bc5 5. Be3 Qf6 6. c3 Nge7 7. b4 Bb6 8.
Bc4 O-O 9. O-O d6 10. f4 Ng6 11. f5 Nge5 12. Bb3 Bd7 13. Nd2 Nxd4 14. Bxd4
Bxd4+ 15. cxd4 Nc6 16. Nc4 Nxd4 17. Kh1 Rfe8 18. Bc2 Bc6 19. Re1 Nxc2 20. Qxc2
Bxe4 21. Qf2 Qxf5 22. Qxf5 Bxf5 23. Na5 b6 24. Nc6 a6 25. Ne7+ Rxe7 26. Rxe7 c5
27. Rd1 cxb4 28. Rxd6 b5 29. h3 Be6 30. Rxa6 Rb8 31. Rb7 Rd8 32. Rab6 Bxa2 33.
Rb8 Rf8 34. Rxb5 b3 35. Kg1 g6 36. Kf2 Rxb8 37. Rxb8+ Kg7 38. Rb7 Kf6 39. g3 h5
40. Rb5 Ke6 41. Ke3 Kd6 42. Kd2 Kc6 43. Rb4 Kc5 44. Kc3 Kd5 45. Rd4+ Ke5 46.
Rf4 g5 47. Rb4 f5 48. Rb5+ Ke4 49. Rb4+ Kf3 50. Rb5 Kxg3 51. Rxf5 g4 52. hxg4
hxg4 53. Rg5 Kf3 54. Kb2 g3 55. Rxg3+ Kxg3 56. Ka1 Kf2 57. Kb2 Ke2 58. Ka1 Kd2
59. Kb2 Kd3 60. Ka1 Kc4 61. Kb2 Kb4 62. Ka1 Bb1 63. Kxb1 Kc3 64. Kc1 Kc4 65.
Kb1 Kc3 66. Kc1 Kd3 67. Kb2 Kc4 68. Kb1 Kc3 69. Kc1 Kc4 70. Kb2 Kb4 71. Kb1 Ka3
72. Ka1 b2+ 73. Kb1 Kb3 1/2-1/2

[Event "SR 5. liga SE-SI 2013/2014"]
[Site "?"]
[Date "2013.10.12"]
[Round "1.1"]
[White "Sukopcak, Miroslav"]
[Black "Mudroch, Martin"]
[Result "1-0"]
[WhiteElo "1668"]
[BlackElo "1360"]
[PlyCount "99"]
[EventDate "2013.??.??"]

1. e4 c6 2. d4 d5 3. e5 Bf5 4. Nf3 e6 5. Bd3 Bxd3 6. Qxd3 Nd7 7. a4 Ne7 8. Bd2
Nf5 9. b4 a6 10. O-O Be7 11. Na3 O-O 12. c3 Qc7 13. Nc2 Nb6 14. Ne3 Nxe3 15.
Bxe3 h6 16. Nd2 Bh4 17. f4 f5 18. exf6 Bxf6 19. a5 Nd7 20. Qg6 Qd8 21. Rf3 Qe8
22. Qg4 h5 23. Qh3 g6 24. g4 hxg4 25. Qxg4 Rf7 26. Rg3 Rg7 27. Kf2 Kf7 28. Rag1
Qe7 29. Nf3 Rf8 30. Kg2 Ke8 31. Kh1 Rh8 32. Rh3 Rxh3 33. Qxh3 Rh7 34. Qg4 Nf8
35. Ne5 Bxe5 36. fxe5 Rh4 37. Qg3 Qh7 38. Rf1 Rh3 39. Qf4 Qh8 40. Rf2 Rh4 41.
Qf7+ Kd8 42. Qxf8+ Qxf8 43. Rxf8+ Kd7 44. Kg2 Re4 45. Kf3 Rh4 46. Bf4 Rh3+ 47.
Bg3 Rh5 48. Rf7+ Kc8 49. Kg4 Rf5 50. Rf6 1-0

[Event "SR 5. liga SE-SI 2013/2014"]
[Site "?"]
[Date "2013.10.12"]
[Round "1.1"]
[White "Jocham, Wolfgang"]
[Black "Lauko, Tomas"]
[Result "0-1"]
[WhiteElo "1000"]
[BlackElo "1421"]
[PlyCount "88"]
[EventDate "2013.??.??"]

1. e4 d5 2. d3 dxe4 3. dxe4 Qxd1+ 4. Kxd1 Nc6 5. Nc3 Be6 6. Nb5 O-O-O+ 7. Bd2
g6 8. Bd3 a6 9. Nc3 Nb4 10. Be2 f5 11. a3 Bh6 12. Nf3 fxe4 13. Nxe4 Bf5 14.
axb4 Bxe4 15. Bd3 Bxd3 16. cxd3 Rxd3 17. Re1 Bxd2 18. Nxd2 Nf6 19. Ra3 Rd4 20.
Rae3 Rhd8 21. R1e2 Nd5 22. Re4 Nxb4 23. Rxd4 Rxd4 24. Rxe7 Nd3 25. Rxh7 Nxb2+
26. Kc2 Nc4 27. Kc3 Rxd2 28. Kxc4 b5+ 29. Kc5 Rxf2 30. Kc6 Rc2+ 31. Kd5 Rxg2
32. Rh6 Kb7 33. Kc5 Rc2+ 34. Kd4 Rc6 35. h4 a5 36. Kd5 Rf6 37. h5 Rf5+ 38. Ke6
Rxh5 39. Rxg6 Rc5 40. Rg1 a4 41. Ra1 Kb6 42. Rd1 a3 43. Rd2 b4 44. Ra2 Kb5 0-1

[Event "SR 5. liga SE-SI 2013/2014"]
[Site "?"]
[Date "2013.10.12"]
[Round "1.1"]
[White "Rehak, Miroslav"]
[Black "Hrdlicka, Martin"]
[Result "1-0"]
[WhiteElo "1438"]
[BlackElo "1007"]
[PlyCount "101"]
[EventDate "2013.??.??"]

1. e4 e6 2. Be2 Nf6 3. Bf3 g6 4. d4 Bg7 5. c3 O-O 6. Bg5 d6 7. Ne2 b6 8. e5 c6
9. exf6 Bxf6 10. Bxf6 Qxf6 11. O-O d5 12. Re1 Ba6 13. Qc2 c5 14. dxc5 bxc5 15.
Na3 Nc6 16. Qa4 Rfc8 17. Qxa6 Rab8 18. b3 Rb6 19. Qd3 Rd8 20. Qd2 Ra6 21. Nc2
e5 22. Ng3 d4 23. Bxc6 Rxc6 24. cxd4 cxd4 25. Na3 Ra6 26. Nc4 Rc8 27. Rxe5 Rxc4
28. Re8+ Kg7 29. bxc4 d3 30. Rd1 Qc6 31. Re4 Qc5 32. Qxd3 Rxa2 33. Qd4+ Qxd4
34. Rexd4 Rc2 35. Ra1 a5 36. Rxa5 Rc1+ 37. Nf1 Kf6 38. c5 Ke6 39. g3 Ke5 40.
Rd2 f5 41. Kg2 g5 42. c6+ Ke6 43. Ra6 Ke7 44. Rd7+ Ke6 45. Rxh7 Kd6 46. c7+ Ke5
47. Ra8 f4 48. c8=Q f3+ 49. Kxf3 Rxf1 50. Qc5+ Kf6 51. Ra6# 1-0

[Event "SR 5. liga SE-SI 2013/2014"]
[Site "?"]
[Date "2013.10.12"]
[Round "1.1"]
[White "Jocham, Matthias"]
[Black "Drozd, Jan"]
[Result "0-1"]
[WhiteElo "1000"]
[BlackElo "1574"]
[PlyCount "56"]
[EventDate "2013.??.??"]

1. Nf3 d5 2. d4 e6 3. Bg5 Be7 4. e3 Bxg5 5. Nxg5 Qxg5 6. Bb5+ Bd7 7. Nc3 Qxg2
8. Kd2 Bxb5 9. Qg1 Qxg1 10. Rhxg1 Bd7 11. Rxg7 Nf6 12. Rd1 Rg8 13. Rxg8+ Nxg8
14. Kc1 Nf6 15. Kb1 Nc6 16. f4 Ke7 17. Rc1 Rg8 18. Nd1 Rg2 19. h4 Rh2 20. h5
Rxh5 21. a3 Ne4 22. Ka1 Rh1 23. f5 h5 24. fxe6 fxe6 25. Kb1 h4 26. Ka1 h3 27.
Nf2 Rxc1+ 28. Ka2 Nxf2 0-1